Γνώσεις και στάσεις των μαθητών της ΣΤ' δημοτικού σχολείου στο νησί της Ρόδου απέναντι στη ρύπανση του περιβάλλοντος : μελέτη απορριμάτων ; διπλωματική εργασία [μεταπτυχιακή]
Αποθηκεύτηκε σε:
| Κύριος συγγραφέας: | |
|---|---|
| Άλλοι συγγραφείς: | , , |
| Μορφή: | Thesis Βιβλίο |
| Γλώσσα: | Greek |
| Δημοσίευση: |
2007.
|
| Θέματα: | |
| Διαθέσιμο Online: | http://hdl.handle.net/11610/15904 |
| Ετικέτες: |
Προσθήκη ετικέτας
Δεν υπάρχουν, Καταχωρήστε ετικέτα πρώτοι!
|
MARC
| LEADER | 00000cam a2200000 i 4500 | ||
|---|---|---|---|
| 001 | 1/77565 | ||
| 008 | 080317s2007 gre d | ||
| 035 | |l 10095493 | ||
| 040 | |a GR-MY-UA |b gre |e aacr | ||
| 041 | 0 | |a gre | |
| 082 | 7 | |a 372.357 |2 (22) | |
| 100 | 1 | |a Παπαζαχαρίου, Ειρήνη-Ανθή. | |
| 245 | 1 | 0 | |a Γνώσεις και στάσεις των μαθητών της ΣΤ' δημοτικού σχολείου στο νησί της Ρόδου απέναντι στη ρύπανση του περιβάλλοντος : |b μελέτη απορριμάτων ; διπλωματική εργασία [μεταπτυχιακή] / |c Παπαζαχαρίου Ειρήνη- Ανθή ; Καΐλα Μαρία (επιβλέπουσα) ; Ξανθάκου Ποτίτσα, Αναστασάτος Νικόλαος. |
| 260 | |c 2007. | ||
| 300 | |a 145 σ. ; |c 30 εκ. | ||
| 500 | |a Περιορισμένη πρόσβαση. | ||
| 502 | |a Διατριβή (μεταπτυχιακή) – Πανεπιστήμιο Αιγαίου, Ρόδος, 2007. | ||
| 504 | |a Περιλαμβάνει βιβλιογραφίες. | ||
| 610 | 2 | 0 | |a University of the Aegean |x Dissertations. |
| 650 | 0 | |a Environmental education |x Study and teaching (Elementary) |z Greece |z Rhodes (Island) | |
| 650 | 0 | 0 | |a Pollution |x Environmental aspects. |
| 650 | 0 | |a Sewage disposal |z Greece |z Rhodes (Island) | |
| 650 | 0 | 0 | |a Dissertations, Academic |z Greece. |
| 700 | 1 | |a Αναστασάτος, Νικόλαος Θ. |4 ths | |
| 700 | 1 | |4 ths |a Ξανθάκου, Γιώτα Π. | |
| 700 | 1 | |4 ths |a Καΐλα, Μαρία Α. | |
| 852 | |a INST |b RHODES |c DIATR |e 20080317 |h 372.357 ΠΑΠ |p 005400029817 |q 005400029817 |t MTXE |y 23 | ||
| 852 | |a INST |b RHODES |c DIATR |e 20080317 |h 372.357 ΠΑΠ |p 005400029818 |q 005400029818 |t MTXE |y 23 | ||
| 856 | |u http://hdl.handle.net/11610/15904 | ||
| 901 | |a BIBL4-2008-1 | ||
| 909 | |a Ρ |b 128510 | ||
| 909 | |a Ρ |b 128511 | ||
| 924 | |a ΠΑΠΑΖΑΧΑΡΙΟΥ |b ΕΙΡΗΝΗ-ΑΝΘΗ |y Ρόδος |z 2008-03 | ||
| 970 | |a ΜΙΣΣΟΣ |b ΣΤΑΥΡΟΣ |z 2008/03/17 | ||